<?xml version="1.0" encoding="UTF-8"?>
<record
    xmlns:xsi="http://www.w3.org/2001/XMLSchema-instance"
    xsi:schemaLocation="http://www.loc.gov/MARC21/slim http://www.loc.gov/standards/marcxml/schema/MARC21slim.xsd"
    xmlns="http://www.loc.gov/MARC21/slim">

  <leader>00548nam a22001817a 4500</leader>
  <datafield tag="999" ind1=" " ind2=" ">
    <subfield code="c">18345</subfield>
    <subfield code="d">18345</subfield>
  </datafield>
  <controlfield tag="008">180726b        xxu||||| |||| 00| 0 eng d</controlfield>
  <datafield tag="020" ind1=" " ind2=" ">
    <subfield code="a">0073403281</subfield>
  </datafield>
  <datafield tag="040" ind1=" " ind2=" ">
    <subfield code="a">KABU</subfield>
    <subfield code="c">KABU</subfield>
  </datafield>
  <datafield tag="050" ind1=" " ind2=" ">
    <subfield code="a">HF5718</subfield>
    <subfield code="b">.C37 2016 c. 1</subfield>
  </datafield>
  <datafield tag="100" ind1=" " ind2=" ">
    <subfield code="a">Cardon, Peter W.</subfield>
  </datafield>
  <datafield tag="245" ind1=" " ind2=" ">
    <subfield code="a">Business Communication </subfield>
    <subfield code="b">Developing Leaders for Networked World </subfield>
    <subfield code="c">Peter W. Cardon </subfield>
  </datafield>
  <datafield tag="250" ind1=" " ind2=" ">
    <subfield code="a">2nd ed.</subfield>
  </datafield>
  <datafield tag="260" ind1=" " ind2=" ">
    <subfield code="a">New York </subfield>
    <subfield code="b">McGrawHill</subfield>
    <subfield code="c">2016</subfield>
  </datafield>
  <datafield tag="300" ind1=" " ind2=" ">
    <subfield code="a">xxxvii, 548p.</subfield>
  </datafield>
  <datafield tag="650" ind1=" " ind2=" ">
    <subfield code="a">Business Communication </subfield>
  </datafield>
  <datafield tag="650" ind1=" " ind2=" ">
    <subfield code="a">Business Enterprises</subfield>
  </datafield>
  <datafield tag="942" ind1=" " ind2=" ">
    <subfield code="2">lcc</subfield>
    <subfield code="c">BK</subfield>
    <subfield code="h">HF5718</subfield>
  </datafield>
  <datafield tag="952" ind1=" " ind2=" ">
    <subfield code="0">0</subfield>
    <subfield code="1">0</subfield>
    <subfield code="2">lcc</subfield>
    <subfield code="7">0</subfield>
    <subfield code="a">KABU</subfield>
    <subfield code="b">KABU</subfield>
    <subfield code="d">2020-07-23</subfield>
    <subfield code="g">4216.00</subfield>
    <subfield code="l">0</subfield>
    <subfield code="o">HF5718 .C37 2016 c. 1</subfield>
    <subfield code="p">028770</subfield>
    <subfield code="r">2020-07-23 00:00:00</subfield>
    <subfield code="t">c. 1</subfield>
    <subfield code="w">2020-07-23</subfield>
    <subfield code="y">BK</subfield>
  </datafield>
  <datafield tag="952" ind1=" " ind2=" ">
    <subfield code="0">0</subfield>
    <subfield code="1">0</subfield>
    <subfield code="2">lcc</subfield>
    <subfield code="7">0</subfield>
    <subfield code="a">KABU</subfield>
    <subfield code="b">KABU</subfield>
    <subfield code="d">2020-07-23</subfield>
    <subfield code="g">4216.00</subfield>
    <subfield code="l">0</subfield>
    <subfield code="o">HF5718 .C37 2016 c. 2</subfield>
    <subfield code="p">028771</subfield>
    <subfield code="r">2020-07-23 00:00:00</subfield>
    <subfield code="t">c. 2</subfield>
    <subfield code="w">2020-07-23</subfield>
    <subfield code="y">BK</subfield>
  </datafield>
  <datafield tag="952" ind1=" " ind2=" ">
    <subfield code="0">0</subfield>
    <subfield code="1">0</subfield>
    <subfield code="2">lcc</subfield>
    <subfield code="7">0</subfield>
    <subfield code="a">KNTC</subfield>
    <subfield code="b">KNTC</subfield>
    <subfield code="d">2020-07-23</subfield>
    <subfield code="g">4216.00</subfield>
    <subfield code="l">0</subfield>
    <subfield code="o">HF5718 .C37 2016 c. 1</subfield>
    <subfield code="p">028772</subfield>
    <subfield code="r">2020-07-23 00:00:00</subfield>
    <subfield code="t">c. 1</subfield>
    <subfield code="w">2020-07-23</subfield>
    <subfield code="y">BK</subfield>
  </datafield>
</record>
